000 00249nam a2200109Ia 4500
008 230312s9999||||xx |||||||||||||| ||und||
082 _a759.914
_bASL-T
100 _aAslet;Clive
245 4 _aThe age of empire
650 _aArchitecture
942 _cBK
999 _c14536
_d14536